Elige la vida /

Guardado en:
Autor Principal: Gage, Richard L.
Otros Autores: Toynbee, Arnold J., Ikeda, Daisaku, Bixio, Alberto Luis, trad.
Formato: Libro
Publicado: Buenos Aires : Emecé
Series:Reportajes y testimonios
Etiquetas: Agregar Etiqueta
Sin Etiquetas, Sea el primero en etiquetar este registro!
LEADER 00690nam a22002175a 4500
001 CEM.cems011321
005 20071019164220.0
008 130507b######################000#0#####d
003 CEMS
020 |a 9500424177 
082 0 4 |a 301 
100 1 |a Gage, Richard L. 
245 1 0 |a Elige la vida /  |c Diálogo Compilado Por Richard L. Gage ; traducción de Alberto Luis Bixio 
260 |a Buenos Aires :  |b Emecé 
300 |a 375 p. 
490 0 |a Reportajes y testimonios 
500 |a Diálogo entre Arnold J. Toynbee y Daisaku Ikeda 
700 1 |a Toynbee, Arnold J. 
700 1 |a Ikeda, Daisaku 
700 1 |a Bixio, Alberto Luis, trad. 
859 |a CEMS  |b BIB. CEMS - 11 de abril  |h 301  |i G121  |p 22147.03  |t Ej.1